| 000 | 005140000a22001690004500 | ||
|---|---|---|---|
| 041 | 0 | _aSPA | |
| 082 | 0 | 4 | _aG 268.58 C39787q |
| 100 | 1 | _aKratavil, Helen S. | |
| 245 | 1 | 0 | _aLas parábolas de Cristo y otras historias que Jesús relató / Helen S. Kratavil ; Carmen Cortés, Traductor |
| 260 | _aMéxico , D.F. : Centro Cultural Pro la Niñez | ||
| 300 | _a63 Pag | ||
| 001 | 8024 | ||
| 942 | _cBK | ||
| 999 |
_c38222 _d38222 |
||
| 336 |
_atexto _btxt _2rdacontent |
||
| 337 |
_2rdamedia _asin mediación _bn |
||
| 338 |
_2rdacarrier _avolumen _bnc |
||